La ciencia de la supervivencia : (Registro nro. 7043)

Detalles MARC
000 -LEADER
fixed length control field 02479cam a2200253 a 4500
003 - CONTROL NUMBER IDENTIFIER
control field OSt
005 - DATE AND TIME OF LATEST TRANSACTION
control field 20210209111615.0
008 - FIXED-LENGTH DATA ELEMENTS--GENERAL INFORMATION
fixed length control field 080602t 2007caua r 001 0 spa d
020 ## - INTERNATIONAL STANDARD BOOK NUMBER
International Standard Book Number 9781403147622
040 ## - CATALOGING SOURCE
Original cataloging agency CO-BoPUJ
Transcribing agency CO-JMCR
041 1# - LANGUAGE CODE
Language code of text/sound track or separate title spa
Language code of original eng
082 04 - DEWEY DECIMAL CLASSIFICATION NUMBER
Classification number 299.936 /
Item number H875c
Edition number 23
100 1# - MAIN ENTRY--PERSONAL NAME
Personal name Hubbard, Lafayette Ronald,
Dates associated with a name 1911-1986
Relator term autor
9 (RLIN) 7017
245 13 - TITLE STATEMENT
Title La ciencia de la supervivencia :
Remainder of title la predicción del comportamiento humano /
Statement of responsibility, etc. Lafayette Ronald Hubbard
260 ## - PUBLICATION, DISTRIBUTION, ETC.
Place of publication, distribution, etc. Los Ángeles, California :
Name of publisher, distributor, etc. Bridge publications,
Date of publication, distribution, etc. (c)2007.
300 ## - PHYSICAL DESCRIPTION
Extent viii, 729 páginas :
Other physical details ilustraciones a blanco y negro ;
Dimensions 30 cm.
504 ## - BIBLIOGRAPHY, ETC. NOTE
Bibliography, etc. note Incluye glosario e índice.
505 0# - FORMATTED CONTENTS NOTE
Formatted contents note La escalada tonal -- Evaluación de dianética -- Comportamiento y características filosóficas -- Ámbito psiquiátrico -- Ámbito médico -- Las leyes básicas de theta afinidad, Realidad, Comunicación -- Emoción -- Afinidad -- Comunicación y realidad -- Sónico -- Visión -- Somático -- Conversación: al hablar -- conversación: al escuchar -- Como maneja la persona la comunicación escrita o hablada cuando actúa como punto de retransmisión -- Realidad -- Condición de la línea temporal y de las valencias -- Manifestación de engramas y candidatos -- Comportamiento sexual actitud hacia los niños -- Dominio del entorno -- Valor real para la sociedad comparado con el valor aparente -- Nivel ético -- El manejo de la verdad -- Nivel de valentía -- Capacidad para manejar la responsabilidad -- Persistencia en un curso dado -- Literalidad conque se reciben afirmaciones o comentarios -- Método que usa el sujeto para manejar a los demás -- Valor de mando de las frases de acción -- Los principios básicos del procesamiento -- El código del editor -- Los factores mecánicos de la aberración -- Tiempo presente -- Memoria directa -- Momentos de placer -- Incidentes imaginarios -- Candados -- Scanning de candados -- Engramas secundarios -- Engramas -- Cadenas de engramas -- Circuitos -- Condición del archivista -- Nivel hipnótico -- Nivel de alerta mental -- Enthenta relativa en el caso -- Nivel de tono necesario en el auditorio para manejar el caso -- Como auditar el caso -- La meta del procesamiento --
534 ## - ORIGINAL VERSION NOTE
Title statement of original Science of survival :[prediction of human behavior].
650 14 - SUBJECT ADDED ENTRY--TOPICAL TERM
Topical term or geographic name entry element Dianética
9 (RLIN) 10032
650 24 - SUBJECT ADDED ENTRY--TOPICAL TERM
Topical term or geographic name entry element Éxito
9 (RLIN) 11396
942 ## - ADDED ENTRY ELEMENTS (KOHA)
Source of classification or shelving scheme Dewey Decimal Classification
Koha item type Books
Existencias
Withdrawn status Lost status Source of classification or shelving scheme Damaged status Not for loan Home library Current library Shelving location Date acquired Source of acquisition Total Checkouts Full call number Barcode Date last seen Date last checked out Copy number Price effective from Koha item type
    Dewey Decimal Classification     Biblioteca Pública José María del Castillo y Rada Biblioteca Pública José María del Castillo y Rada General Stacks 12/16/2020 Donación 1 299.936 / H875c 201810191 05/30/2024 05/30/2024 Ej.1 12/16/2020 Books